Biblioteki Polonii Amerykańskiej
Biblioteka Instytutu Józefa Piłsudskiego w Ameryce
Library of the Józef Piłsudski Institute of America
Biblioteka imienia Alfreda Jurzykowskiego Polskiego Instytutu Naukowego w Ameryce
The Alfred Jurzykowski Memorial Library of the Polish Institute of Arts & Sciences of America
Biblioteka Marjanczyków Polskiej Fundacji Kulturalnej
The Marjanczyk Library of the Polish Cultural Foundation

Biblioteka Fundacji Kościuszkowskiej
Library of the Kosciuszko Foundation

Wspomnienia sanitariuszki z powstania warszawskiego / (Record no. 91099)

MARC details
000 -LEADER
fixed length control field 02247nam a2200613 i 4500
001 - CONTROL NUMBER
control field 991053169029005066
003 - CONTROL NUMBER IDENTIFIER
control field NyNyJPI
005 - DATE AND TIME OF LATEST TRANSACTION
control field 20260413150152.0
008 - FIXED-LENGTH DATA ELEMENTS--GENERAL INFORMATION
fixed length control field 260210s2025 pl ceho |001 0apol c
009 - PHYSICAL DESCRIPTION FIXED-FIELD FOR ARCHIVAL COLLECTION (VM) [OBSOLETE]
fixed length control field b1000007654733
015 ## - NATIONAL BIBLIOGRAPHY NUMBER
National bibliography number UWD 2026/5544
020 ## - INTERNATIONAL STANDARD BOOK NUMBER
International Standard Book Number 9788396440983
Qualifying information (oprawa miękka)
035 ## - SYSTEM CONTROL NUMBER
System control number (PL)b1000007654733
035 ## - SYSTEM CONTROL NUMBER
System control number (EXLNZ-48OMNIS_NETWORK)9915321645705606
040 ## - CATALOGING SOURCE
Original cataloging agency WA N
Transcribing agency WA N
Modifying agency WA N
-- KR U
-- WA N
-- WA M
-- WA N
-- LUBL KUL
-- WR U
045 2# - TIME PERIOD OF CONTENT
Formatted 9999 B.C. through C.E. time period d1923
-- d2020
046 ## - SPECIAL CODED DATES
Beginning or single date created 2025
080 ## - UNIVERSAL DECIMAL CLASSIFICATION NUMBER
Field link and sequence number 1.1\x
Universal Decimal Classification number 94(438).082.218
080 ## - UNIVERSAL DECIMAL CLASSIFICATION NUMBER
Field link and sequence number 1.2\x
Universal Decimal Classification number 929-051(438)"19"
084 ## - OTHER CLASSIFICATION NUMBER
Classification number 10
100 1# - MAIN ENTRY--PERSONAL NAME
Personal name Gancarczyk, Barbara
Dates associated with a name (1923- )
Relator term Autor
245 10 - TITLE STATEMENT
Title Wspomnienia sanitariuszki z powstania warszawskiego /
Statement of responsibility, etc. Barbara Gancarczyk ; opracowanie: Jacek Gancarson, Wojciech Gancarczyk.
260 ## - PUBLICATION, DISTRIBUTION, ETC.
Place of publication, distribution, etc. Warszawa :
Name of publisher, distributor, etc. Archiwa Państwowe. Archiwum Akt Nowych,
Date of publication, distribution, etc. 2025.
300 ## - PHYSICAL DESCRIPTION
Extent 187 stron :
Other physical details faksymilia, fotografie, plany, portrety ;
Dimensions 23 cm.
336 ## - CONTENT TYPE
Content type term Tekst
Content type code txt
Source rdacontent
337 ## - MEDIA TYPE
Media type term Bez urządzenia pośredniczącego
Media type code n
Source rdamedia
338 ## - CARRIER TYPE
Carrier type term Wolumin
Carrier type code nc
Source rdacarrier
380 ## - FORM OF WORK
Form of work Książki
380 ## - FORM OF WORK
Form of work Literatura faktu, eseje, publicystyka
386 ## - CREATOR/CONTRIBUTOR CHARACTERISTICS
Demographic group term Przynależność kulturowa
Creator/contributor term Literatura polska
388 1# - TIME PERIOD OF CREATION
Time period of creation term 2001-
504 ## - BIBLIOGRAPHY, ETC. NOTE
Bibliography, etc. note Indeks.
600 17 - SUBJECT ADDED ENTRY--PERSONAL NAME
Personal name Gancarczyk, Barbara
Dates associated with a name (1923- )
Source of heading or term DBN
600 10 - SUBJECT ADDED ENTRY--PERSONAL NAME
Personal name Gancarczyk, Barbara
610 27 - SUBJECT ADDED ENTRY--CORPORATE NAME
Corporate name or jurisdiction name as entry element Batalion "Wigry" (Armia Krajowa)
Source of heading or term DBN
648 #7 - SUBJECT ADDED ENTRY--CHRONOLOGICAL TERM
Chronological term 1901-2000
Source of heading or term DBN
648 #7 - SUBJECT ADDED ENTRY--CHRONOLOGICAL TERM
Chronological term 2001-
Source of heading or term DBN
650 #7 - SUBJECT ADDED ENTRY--TOPICAL TERM
Topical term or geographic name entry element Obozy pracy
Source of heading or term DBN
650 #7 - SUBJECT ADDED ENTRY--TOPICAL TERM
Topical term or geographic name entry element Powstanie warszawskie (1944)
Source of heading or term DBN
650 #7 - SUBJECT ADDED ENTRY--TOPICAL TERM
Topical term or geographic name entry element Powstańcy warszawscy
Source of heading or term DBN
650 #7 - SUBJECT ADDED ENTRY--TOPICAL TERM
Topical term or geographic name entry element Sanitariuszki i sanitariusze
Source of heading or term DBN
651 #7 - SUBJECT ADDED ENTRY--GEOGRAPHIC NAME
Geographic name Niemcy
Source of heading or term DBN
651 #7 - SUBJECT ADDED ENTRY--GEOGRAPHIC NAME
Geographic name Stare Miasto (Warszawa ; część miasta)
Source of heading or term DBN
651 #7 - SUBJECT ADDED ENTRY--GEOGRAPHIC NAME
Geographic name Warszawa (woj. mazowieckie)
Source of heading or term DBN
651 #7 - SUBJECT ADDED ENTRY--GEOGRAPHIC NAME
Geographic name Wrocław (woj. dolnośląskie)
Source of heading or term DBN
651 #0 - SUBJECT ADDED ENTRY--GEOGRAPHIC NAME
Geographic name Warsaw (Poland)
General subdivision History
Chronological subdivision Uprising, 1944
General subdivision Medical care.
651 #0 - SUBJECT ADDED ENTRY--GEOGRAPHIC NAME
Geographic name Warsaw (Poland)
General subdivision History
Chronological subdivision Uprising, 1944
Form subdivision Personal narratives.
655 #7 - INDEX TERM--GENRE/FORM
Genre/form data or focus term Pamiętniki i wspomnienia
Source of term DBN
658 ## - INDEX TERM--CURRICULUM OBJECTIVE
Main curriculum objective Historia
700 1# - ADDED ENTRY--PERSONAL NAME
Personal name Gancarson, Jacek
Relator term Opracowanie
700 1# - ADDED ENTRY--PERSONAL NAME
Personal name Gancarczyk, Wojciech
Relator term Opracowanie
710 2# - ADDED ENTRY--CORPORATE NAME
Corporate name or jurisdiction name as entry element Archiwum Akt Nowych
Relator term Wydawca
Relationship pbl
942 ## - ADDED ENTRY ELEMENTS (KOHA)
Source of classification or shelving scheme Other/Generic Classification Scheme
Koha item type Books
Suppress in OPAC No
Holdings
Withdrawn status Lost status Source of classification or shelving scheme Damaged status Not for loan Home library Current library Date acquired Total checkouts Full call number Date last seen Price effective from Koha item type
    Other/Generic Classification Scheme   Not for loan Józef Piłsudski Institute Józef Piłsudski Institute 04/13/2026   K 1836 04/13/2026 04/13/2026 Books